Państwa Europy, które nie miały wojny z Rosją - Statystyki

Ogólne statystyki
  • Ten quiz został rozwiązany 51 razy
    11 od ostatniego zresetowania
  • Średni wynik to 17 z 19
Statystyki odpowiedzi
Państwo % Poprawnych
Andora
100%
Belgia
100%
Czarnogóra
100%
Irlandia
100%
Liechtenstein
100%
San Marino
100%
Serbia
100%
Słowenia
100%
Szwajcaria
100%
Watykan
100%
Albania
90%
Bośnia i Hercegowina
90%
Kosowo
90%
Luksemburg
90%
Islandia
80%
Macedonia Północna
80%
Malta
80%
Białoruś
70%
Monako
70%
Nie znaleziono quizów pasujących do podanych kryteriów
Rozkład punktacji
Procent ludzi z każdym wynikiem
Percentyl według liczby udzielonych odpowiedzi
Twoja historia wyników
Nie rozwiązałeś tego quizu od ostatniego zresetowania